000 01563nam0a2200373 4500
001 RU\NLR\bibl\1253835
005 20260406024508.0
010 _a5-85285-472-7
_9300
021 _aRU
_b2008-40886
_92258
035 _a(NLR Aleph) 001239896
090 _a252111
_c252111
100 _a20080718d2008 |||y0rusy50 ca
101 0 _arus
102 _aRU
105 _aacgh|||||||||
200 1 _aСофия Губайдулина
_eмонография
_fВалентина Холопова
_gинтервью Энцо Рестаньо - София Губайдулина
205 _a2-е доп. изд.
210 _aМосква
_cКомпозитор
_d2008
215 _a399 с., [17] л. ил., факс., портр.
_cноты
_d22
300 _aРез. на англ. яз.
320 _aБиблиогр.: с. 380-388
320 _aСписок произведений [С. Губайдулиной]: с. 371-379
320 _aУказ. имен: с. 389-394
600 1 _aГубайдулина
_bС. А.
_f1931
_gСофия Асгатовна
_91586833
_3RU\NLR\auth\66696997
686 _aЩ313(2Р=Тат)7-81Губайдулина
700 1 _aХолопова
_bВ. Н.
_gВалентина Николаевна
_4070
702 1 _4570
_8rus
_7ca
_aГубайдулина
_bС. А.
_f1931-
_gСофия Асгатовна
_3RU\NLR\AUTH\77126084
_9109008
702 1 _aРестаньо
_bЭ.
_gЭнцо
_4470
801 0 _aRU
_bNLR
_c20080718
_gRCR
801 1 _aRU
_bNLR
_c20080718
942 _cBOOK
980 _aNB